[Event "FRA-ch"]
[Site "Aix les Bains"]
[Date "2003.08.29"]
[Round "11"]
[White "Sokolov, Andrei"]
[Black "Guidarelli, Laurent"]
[Result "1-0"]
[WhiteElo "2554"]
[BlackElo "2392"]
[Annotator "Ftacnik,L"]
[PlyCount "93"]
[EventDate "2003.08.18"]
[EventType "tourn"]
[EventRounds "11"]
[EventCountry "FRA"]
[EventCategory "13"]
[SourceTitle "CBM 097"]
[Source "ChessBase"]
[SourceDate "2003.11.11"]
[SourceVersion "1"]
[SourceVersionDate "2003.11.11"]
[SourceQuality "1"]

1. e4 c5 2. Nf3 d6 3. d4 cxd4 4. Nxd4 Nf6 5. Nc3 a6 6. Be3 e5 7. Nb3 Be6 8. f3
Nbd7 9. Qd2 b5 10. a4 b4 11. Nd5 Bxd5 12. exd5 Nb6 13. Bxb6 Qxb6 14. a5 Qb7 15.
O-O-O g6 16. g4 h5 {It is easy to understand black's wish to close the h file,
otherwise white would plan his operations alongside it's opening.} (16... Bg7
17. h4 O-O 18. h5 Rfc8 19. hxg6 hxg6 20. g5 Nd7 21. Rh4 Rab8 22. Bh3 Rc7 23.
Bxd7 Rxd7 24. Kb1 Rc7 25. Rdh1 Kf8 {1/2-1/2 Feher,G-Ostergaard,D/Eger 1991/ 
(35)}) 17. g5 Nd7 18. Kb1 Bg7 19. Bh3 Rb8 (19... O-O $5 20. Bxd7 Qxd7 21. Qxb4
Rfc8 22. Qe4 $14) 20. Rhe1 O-O 21. f4 exf4 (21... Qc7 22. Qf2 (22. Bxd7 Qxd7
23. fxe5 Bxe5 24. Re4 Qf5 25. Rde1 f6 26. gxf6 Qxf6 27. Nd4 $14) (22. f5 Nc5
23. Nxc5 Qxc5 24. f6 Bh8 25. Bd7 Qxa5 26. Re4 $11) 22... Rfe8 23. f5 $16) 22.
Re7 $1 Rbd8 23. Qxf4 {The grip on black's position is very strong, Guidarelli
can not avoid loss of some material.} Qb5 (23... Be5 24. Qf3 Qb5 25. Qe4 $16)
24. Bf1 (24. Bxd7 $6 Rxd7 25. Rxd7 Be5 26. Qd2 Qxd7 27. Qxb4 Bxh2 $11) 24...
Qb8 (24... Qb7 25. Qxd6 Qb8 26. Qxb8 Nxb8 27. d6 $18) 25. Bxa6 Qa8 (25... Be5
26. Qf3 Bxh2 27. Qh3 Nc5 28. Qxh2 Nxa6 29. Nd4 $18) 26. Qf1 Nc5 27. Nxc5 dxc5
28. d6 Rb8 (28... Bd4 29. Bc4 Rxd6 30. Rxf7 Rxf7 31. Qxf7+ Kh8 32. Re1 $18) 29.
d7 (29. Bc4 Qxa5 30. Rxf7 Kh8 31. d7 $18) 29... b3 30. cxb3 Rxb3 (30... Kh7 31.
Rd2 Rxb3 32. d8=Q Rxd8 33. Qxf7 Rg8 34. Qxb3 $18) 31. Qxf7+ $6 {[%mdl 64]
Sokolov got carried away in a moment, when simple 31.d8Q! cared for a complete
triumph of his strategy.} (31. d8=Q $1 Rf3 (31... Rxd8 32. Qxf7+ Kh7 33. Qxg7#)
(31... Rxb2+ 32. Kc1 Kh7 33. Qxa8 Rxa8 34. Qxf7 $18) 32. Qxa8 Rxf1 33. Qxf8+
Bxf8 34. Bxf1 Bxe7 35. a6 $18) 31... Rxf7 32. d8=Q+ Rf8 (32... Qxd8 33. Rxd8+
Rf8 34. Bc4+ Kh8 35. Rxf8+ Bxf8 36. Bxb3 Bxe7 37. a6 $18) 33. Qxa8 (33. Qd7 Kh8
34. Rxg7 Qe4+ 35. Ka2 Rxb2+ 36. Kxb2 Rf2+ 37. Rd2 Rxd2+ 38. Qxd2 Kxg7 39. Qc3+
$18) 33... Rxb2+ 34. Kc1 Rxa8 35. Rxg7+ $6 {Once again the chosen method of
advantage realization is second rate.} (35. Bc4+ $1 Kh8 36. Rdd7 Rb4 37. Bd5
Rg8 38. a6 $18) 35... Kxg7 36. Kxb2 Rxa6 37. Ra1 Kf7 38. Kc3 Ke6 39. Kc4 Kd6 (
39... Kd7 40. Kb5 Ra8 41. a6 c4 42. a7 Kc7 43. Ka6 $18) 40. Kb5 Ra8 41. a6 Rb8+
42. Kc4 h4 43. a7 Ra8 44. Ra6+ Ke5 45. Kxc5 Kf5 46. Kb6 Kxg5 47. Ra4 1-0

[Event "RUS-ch 56th"]
[Site "Krasnoyarsk"]
[Date "2003.09.04"]
[Round "2"]
[White "Smirnov, Pavel"]
[Black "Zakhartsov, Viacheslav V"]
[Result "1-0"]
[WhiteElo "2629"]
[BlackElo "2525"]
[Annotator "Ftacnik,L"]
[PlyCount "91"]
[EventDate "2003.09.03"]
[EventType "swiss"]
[EventRounds "9"]
[EventCountry "RUS"]
[SourceTitle "CBM 098"]
[Source "ChessBase"]
[SourceDate "2004.02.03"]
[SourceVersion "1"]
[SourceVersionDate "2004.02.03"]
[SourceQuality "1"]

1. e4 c5 2. Nf3 d6 3. d4 cxd4 4. Nxd4 Nf6 5. Nc3 a6 6. f3 e5 7. Nb3 Be6 8. Be3
Be7 9. Qd2 O-O 10. O-O-O Qc7 11. g4 Nbd7 12. Kb1 Rfc8 13. Qf2 b5 14. g5 Nh5 15.
h4 b4 16. Nd5 Bxd5 17. Rxd5 Rcb8 18. Na5 {White knight will not be such a
great piece on the edge of the board, but at least black has to solve new
problems.} Nb6 19. Rd1 (19. Rd2 Na4 20. Nb3 Rd8 $14) 19... g6 20. Be2 Bf8 21.
f4 $5 (21. Rd2 Na4 22. Nc4 $2 Nc3+ $1 23. Ka1 Nxe2 24. Nb6 Nef4 $17) 21... Nxf4
22. Bxf4 exf4 23. Qxf4 Re8 $5 {Zakharstov is doing fine in reacting to white's
novel approach.} (23... Rc8 24. Rd2 Qc5 25. Nb7 $1 (25. Nb3 Qe5 $11) 25... Qe5
26. Rf1 Qxf4 27. Rxf4 Rc6 28. Rd4 $16) 24. h5 Ra7 (24... Re5 $1 25. hxg6 fxg6
26. Nb3 $13 (26. Nc6 Qxc6 27. Rxh7 Re7 $1 28. Rxe7 Bxe7 29. Rh1 Qc5 $1 (29...
Nd7 30. Bg4 Nf8 31. Rf1 Qe8 32. Qd2 Qb5 33. Qf4 $11) 30. Qh4 Qxg5 31. Qh8+ Kf7
32. Bc4+ Nxc4 33. Qxa8 Qc5 $17) (26. Bg4 Rae8 27. Nb3 Rxe4 28. Qg3 Re3 $15))
25. hxg6 fxg6 (25... hxg6 26. Qh2 Bg7 27. Rxd6 $16) 26. Bg4 (26. Qd2 Re5 (26...
Rxe4 27. Bf3 Re8 28. Nc6 Raa8 29. Nxb4 Rac8 30. Bd5+ Kh8 31. Qd4+ Re5 32. Bb3 {
Nd3+-}) 27. Qxb4 d5 28. Qb3 Qc5 29. Qg3 Rxe4 $13) 26... Na4 $1 (26... Nc4 27.
Rhf1 $1 Bg7 (27... Nxa5 28. Be6+ Kh8 29. Qxf8+ Rxf8 30. Rxf8+ Kg7 31. Rg8#) 28.
Nxc4 Qxc4 29. Qxd6 $16) 27. Qf6 (27. Nb3 Bg7) 27... Qf7 $2 {[%mdl 64]
Seemingly very logical move, but white has a nasty surprise up his sleeve.} (
27... Qxa5 $4 28. Be6+ Rxe6 29. Qxe6+ Rf7 (29... Kg7 30. Rxh7+ Kxh7 31. Rh1+
Kg7 32. Qf6+ Kg8 33. Rh8#) (29... Kh8 30. Qe8 Kg8 31. Rdf1 $18) 30. Rdf1 Qc7
31. Rxh7 Bg7 32. Qe8+ Rf8 33. Rxf8+ Kxh7 34. Rf4 $18) (27... Nc5 $8 28. Be2 $1
(28. Nc4 Rxe4 29. Bf3 Be7 $19) (28. Nb3 Bg7 29. Qxd6 Qxd6 30. Rxd6 Nxe4 $15)
28... Nxe4 (28... d5 $5 29. Rxd5 Nxe4 30. Qf3 Kh8 $13) 29. Qd4 Nxg5 (29... Nc3+
30. bxc3 Rxe2 31. Nc6 $1 Qxc6 32. Qxa7 $16) 30. Bc4+ Nf7 (30... Ne6 $2 31. Rde1
$18) 31. Qh4 h6 32. Rdg1 Kh7 33. Rxg6 $1 Kxg6 34. Qg4+ Kh7 (34... Ng5 35. Qh5+
Kh7 36. Qxe8 Qe7 37. Bd3+ Kg8 38. Qb8 Rc7 39. Qxb4 $16) 35. Bd3+ Kh8 36. Qg6
Ne5 37. Qxe8 Qf7 38. Rxh6+ Kg8 39. Qxf7+ Rxf7 40. Rh5 $11) 28. e5 $1 dxe5 (
28... Rxe5 29. Nc6 $18) (28... Bg7 29. Qxf7+ Rxf7 30. exd6 $18) 29. Qc6 $1 (29.
Qxf7+ Rxf7 30. Bd7 Rxd7 31. Rxd7 $16) 29... Nc5 (29... Nxb2 30. Rdf1 Qe7 31.
Rf6 $18) 30. Rdf1 Qe7 (30... Rc7 31. Rxf7 Rxc6 32. Rxf8+ Rxf8 33. Nxc6 $18) 31.
Qd5+ Kh8 (31... Ne6 32. Rf6 $18) 32. Nc6 Qb7 (32... Qc7 33. Nxa7 Qxa7 34. Rf7
$18) 33. Rxf8+ $1 Rxf8 34. Qxc5 {Smirnov has won material and is in good
control in the center.} Raa8 (34... Rfa8 35. Qxe5+ Qg7 36. Qd6 Rf7 37. Ne5 $18)
35. Qxe5+ Qg7 (35... Kg8 36. Be6+ $18) 36. Qd5 Rae8 37. Be6 Rf4 38. Ne5 Ref8 (
38... h5 39. gxh6 Qf6 40. Nf7+ Kh7 41. Ng5+ Kh8 42. Qg2 $18) 39. a4 bxa3 (39...
Rf1+ 40. Rxf1 Rxf1+ 41. Ka2 $18) 40. bxa3 Rf2 41. Rh6 $1 Rb8+ (41... R2f6 42.
Rxh7+ Qxh7 43. gxf6 $18) 42. Kc1 Rf6 43. Kd1 (43. Rh1 Rf4 44. Bf7 $18) 43...
Rb1+ (43... Rbf8 44. gxf6 Qxh6 45. Nf7+ Rxf7 46. Bxf7 $18) 44. Ke2 Qc7 45. Qa8+
Rb8 (45... Qb8 46. Qxb8+ Rxb8 47. gxf6 $18) 46. Rxh7+ $1 {The final
combination is very neat. White opens the h file in the very moment, when
black queen is badly overstretched.} (46. Rxh7+ $1 Qxh7 (46... Kxh7 47. Qh1+
Kg7 48. Qh6#) 47. Qxb8+ Kg7 48. Qc7+ Kh8 49. Qd8+ $18) 1-0

[Event "Capablanca Memorial Elite 38th"]
[Site "Havana"]
[Date "2003.05.06"]
[Round "1"]
[White "Bruzon Batista, Lazaro"]
[Black "Vera Gonzalez Quevedo, Reynaldo"]
[Result "1-0"]
[WhiteElo "2613"]
[BlackElo "2546"]
[Annotator "Ftacnik,L"]
[PlyCount "75"]
[EventDate "2003.05.06"]
[EventType "tourn"]
[EventRounds "11"]
[EventCountry "CUB"]
[EventCategory "13"]
[SourceTitle "CBM 096"]
[Source "ChessBase"]
[SourceDate "2003.09.25"]
[SourceVersion "1"]
[SourceVersionDate "2003.09.25"]
[SourceQuality "1"]

1. e4 c5 2. Nf3 d6 3. d4 cxd4 4. Nxd4 Nf6 5. Nc3 a6 6. Be3 e5 7. Nb3 Be7 8. f3
Be6 9. Qd2 O-O 10. O-O-O Nbd7 11. g4 b5 12. g5 b4 13. Ne2 Ne8 14. f4 a5 15. Kb1
$146 a4 16. Nbc1 b3 $6 {This move will in the future probably give way to the
less positionally compromising 16...exf4!?} (16... exf4 $5 17. Nxf4 (17. Bxf4
b3 18. cxb3 axb3 19. a3 Nc5 $15) 17... Bxg5 18. Qxb4 Bxf4 19. Bxf4 a3 20. b3
Qf6 21. Nd3 $11) 17. f5 $1 bxa2+ 18. Ka1 Bc4 19. Nc3 Rc8 (19... a3 20. b3 Bxf1
21. Rhxf1 Rc8 22. h4 $14) 20. h4 (20. N1xa2 Bxf1 (20... Nb6 21. Bxb6 Qxb6 22.
Bxc4 Rxc4 23. Nd5 Qd8 24. h4 $14) 21. Rhxf1 a3 22. b3 Nc5 23. Nb4 $14) 20...
Kh8 (20... a3 21. b3 Bxf1 22. Rhxf1 Nc5 23. h5 Qd7 $14) 21. h5 a3 22. b3 Bxf1
23. Rhxf1 Rxc3 $5 {[%mdl 1024] White's progress on the kingside became
unbearable, so Vera sacrifices exchange to get some breathing space.} (23...
Rg8 24. Rg1 Nc5 25. N1xa2 $16) 24. Qxc3 Bxg5 25. Nxa2 Bxe3 (25... h6 26. Bxg5
Qxg5 27. Qf3 $14) 26. Qxe3 Qc7 27. h6 g6 (27... Qxc2 $2 28. Rd2 Qc5 29. hxg7+
Nxg7 (29... Kxg7 30. Rg2+ Kh8 31. Qh6 Qd4+ 32. Nc3 Qxc3+ 33. Ka2 $18) 30. Qh6
$18) 28. Qc3 Qa7 (28... Qxc3+ 29. Nxc3 $16) 29. Qc4 Ndf6 (29... gxf5 30. Rxf5
Ndf6 31. Nc3 $16) 30. Nc3 g5 (30... Qe3 31. Qd3 Qxh6 32. Rh1 Qg7 33. Rdg1 $16)
31. Rd3 Qb7 $2 {It is a pitty, that black refrained from 31...Rg8! with
unpleasant counterplay with his free g pawn.} (31... Rg8 $1 32. b4 (32. Nb5 Qb6
33. Nxa3 g4 $14) 32... g4 33. Ne2 Nh5 $132) 32. b4 g4 33. b5 Qb8 (33... Rg8 34.
Qc6 Qb8 35. b6 $16) 34. Qc6 d5 (34... Rg8 35. b6 $16) 35. Nxd5 (35. exd5 Nd6
36. Qa6 $16) 35... Nxe4 36. Nb6 N4f6 37. Nd7 Nxd7 38. Rxd7 1-0

[Event "Sofia MTel Masters 4th"]
[Site "Sofia"]
[Date "2008.05.08"]
[Round "1"]
[White "Cheparinov, Ivan"]
[Black "Bu, Xiangzhi"]
[Result "1-0"]
[WhiteElo "2696"]
[BlackElo "2708"]
[Annotator "Ftacnik,L"]
[PlyCount "109"]
[EventDate "2008.05.08"]
[EventType "tourn"]
[EventRounds "10"]
[EventCountry "BUL"]
[EventCategory "20"]
[SourceTitle "CBM 124"]
[Source "ChessBase"]
[SourceDate "2008.05.28"]
[SourceVersion "1"]
[SourceVersionDate "2008.05.28"]
[SourceQuality "1"]

1. e4 c5 2. Nf3 d6 3. d4 cxd4 4. Nxd4 Nf6 5. Nc3 a6 6. Be3 e5 7. Nb3 Be7 8. f3
Be6 9. Qd2 O-O 10. O-O-O a5 {The modern openings are sometimes playing with
paradoxes. Black is losing a tempo, weakens b5 square but still gets
reasonable play due to the activity against the castled white king.} 11. Qe1
Qc7 {Much less common then 11...Qc8, but in higher sense much more logical.} (
11... Qc8 12. Bb5 (12. a3 a4 13. Nd2 Nbd7 14. Kb1 Rd8 15. Bb5 d5 16. exd5 Nxd5
17. Nxd5 Bxd5 18. Qe2 Qc7 19. Ne4 Be6 20. Nc3 Nb6 21. Rxd8+ Rxd8 22. Nxa4 Nc4
23. Bxc4 Bxc4 24. Qf2 Qc6 25. Nb6 Be6 {0-1 Leko,P (2749)-Svidler,P (2728)/
Morelia/Linares 2007 (37)}) (12. a4 Nc6 (12... Na6 13. Kb1 Nc7 14. g4 Rd8 15.
Bb6 Nd7 16. Be3 Nf6 17. Bb6 Nd7 18. Bf2 b6 19. Bd3 Qb7 20. Qe2 Nc5 21. Nxc5
bxc5 22. Nb5 Rdb8 23. c4 {1-0 Svidler,P (2750)-Bu Xiangzhi (2671)/Germany 2007
(47)}) 13. g4 Nb4 14. g5 Nh5 15. Kb1 Qc7 16. Qf2 Nf4 17. Nb5 Qb8 18. Bxf4 exf4
19. N3d4 Bd7 20. Rg1 g6 21. Bc4 Qc8 22. Bb3 Qc5 23. Qd2 {1-0 Anand,V (2766)
-Vallejo Pons,F (2663)/Monte Carlo 2004 (31)}) 12... Na6 13. Na4 Nb4 14. Qf2
Nxa2+ 15. Kb1 Nb4 16. Nb6 Qc7 17. Nxa8 Rxa8 18. Bb6 Qc8 19. Ba4 d5 20. c3 Na6
21. Nd2 dxe4 22. fxe4 Bc5 23. Bxc5 Nxc5 24. Bc2 a4 $17 {0-1 Talla,V (2419)
-Babula,V (2594)/Havlickuv Brod 2008 (40)}) 12. Bb5 Nbd7 13. Qf2 Rfc8 {The
first independent move, Bu has a quite playable position.} (13... Bc4 14. Bxc4
Qxc4 15. Qf1 Qc6 16. a4 Nb6 17. Bxb6 Qxb6 18. Qb5 Qc7 19. Kb1 Rfc8 20. Rd2 Bf8
21. Rhd1 Qc6 22. Rd3 Nd7 23. Rd5 Nb6 24. Qxc6 bxc6 25. Rxa5 Nc4 26. Rxa8 Rxa8
27. Nc1 {1-0 Karjakin,S (2599)-Wojtaszek,R (2553)/Moscow 2005 (44)}) 14. Kb1 (
14. a4 Bxb3 15. cxb3 Nc5 16. Qc2 Qd8 $13) 14... Bc4 15. g4 (15. a4 Bxb3 16.
cxb3 Nc5 $13) 15... Bxb5 16. Nxb5 Qc6 17. a4 {Cheparinov is wisely refraining
from grabbing the exchange after Na7 as the knight would remain trapped.} (17.
Na7 Rxa7 18. Bxa7 b6 $11) 17... Ne8 (17... d5 18. g5 d4 (18... dxe4 19. gxf6
Nxf6 20. Na7 Rxa7 21. Bxa7 exf3 22. Rc1 Nd7 23. Be3 $16) 19. Bxd4 Nxe4 20. fxe4
exd4 21. N3xd4 Qc5 22. h4 $16) 18. Rd3 Qc4 19. Nc3 Nc7 20. Bb6 {White decided,
that is is ncessary to prevent b7-b5 thrust.} (20. f4 b5 $1 $15) (20. h4 b5 $1
21. axb5 Nxb5 22. Nd5 Bd8 $36) 20... Nxb6 21. Qxb6 Qb4 $1 22. Qxb4 (22. Qe3 b5
$1 23. axb5 Rcb8 $1 (23... a4 24. Nc1 Rab8 25. N1a2 Qc4 26. Qa7 $13) 24. Nc1
Nxb5 25. Nxb5 Rxb5 26. Rb3 Qa4 $11) 22... axb4 23. Nd5 Nxd5 24. Rxd5 Rxa4 25.
Rb5 Ra7 $5 {[%mdl 4096] Black was definitely not worse with his spare pawn,
but the Chinese player will play the endgame in a very insecure manner.} (25...
Rc7 26. Rd1 g6 $11) 26. Rxb4 g6 27. Rd1 f5 (27... d5 $2 28. Rb5 dxe4 29. Rxe5
Bf6 30. Rxe4 $16) 28. gxf5 gxf5 29. Rd5 (29. exf5 Kf7 30. f4 d5 31. Rb5 exf4
32. Rbxd5 Ra4 33. Nd4 $14) 29... fxe4 30. fxe4 Kf7 31. c3 h5 32. Na5 Rc7 $2 {
All good teachers warn chessplayers not to forget about activity in the
endgames. When facing a dangerous opponent we all tend to forget to good
maxims and commit mistakes.} (32... Rg8 $5 33. Rxb7 (33. Nxb7 Rg1+ 34. Kc2 Rg2+
35. Rd2 Rxd2+ 36. Kxd2 Ra1) 33... Rg1+ 34. Ka2 Rxb7 35. Nxb7 Ke6 $11) 33. Nc4
Ke6 (33... Ra6 34. Ne3 Bg5 35. Nf5 Ke6 36. Rd1 $14) 34. Ne3 Bd8 (34... Bg5 35.
Nf5 Ra6) 35. Nf5 Rd7 (35... Be7 36. Ng7+ Kf7 37. Nxh5 $18) 36. c4 b6 $6 {
Now the position is also structurally bad and White can roam freely on the
kingside.} (36... Ra5 $1 37. Rxa5 (37. Rd1 b5 38. cxb5 Bb6 $11) 37... Bxa5 38.
Ra4 Bd8 39. Ra8 $14) 37. Rb3 Ra4 38. Rbd3 Be7 (38... Rxc4 $2 39. Rxd6+ $18) (
38... Bc7 39. b3 $16) 39. b3 Ra8 40. Rg3 $1 $16 {Saving the position becomes
truly challenging for the defender.} Bf8 (40... Bf6 41. Kb2 h4 42. Rg6 $16) 41.
Kb2 h4 42. Rg6+ Kf7 43. Rg4 Rda7 (43... h3 44. Rg3 Ke6 45. Rxh3 $16) 44. Rxh4
Ra1 45. Rh7+ Ke6 (45... Kg6 46. Rh8 Re1 47. Rh4 Kf6 48. Kc3 $16) 46. Rh8 {
With good play White should be winning, unless Black manages to create great
counterplay.} Re1 47. Ng3 (47. Nxd6 $2 Re2+ 48. Kc3 Re3+ 49. Kb4 Rd8 50. Ka4
Rb8 $14) 47... Kf7 48. Rh7+ Ke6 (48... Kg6 49. Rb7 $16) 49. Rb7 Rea1 50. Nf5
R8a2+ 51. Kc3 Rc1+ 52. Kb4 Rb2 53. Rb8 Rcb1 54. Rd3 Kf7 55. Rf3 (55. Rf3 d5+
56. Nd6+ Ke6 57. cxd5+ Kxd6 58. Rbxf8 $18) 1-0

[Event "FRA-ch"]
[Site "Aix les Bains"]
[Date "2003.08.28"]
[Round "10"]
[White "Bacrot, Etienne"]
[Black "Lautier, Joel"]
[Result "1-0"]
[WhiteElo "2645"]
[BlackElo "2677"]
[Annotator "Ftacnik,L"]
[PlyCount "107"]
[EventDate "2003.08.18"]
[EventType "tourn"]
[EventRounds "11"]
[EventCountry "FRA"]
[EventCategory "13"]
[SourceTitle "CBM 097"]
[Source "ChessBase"]
[SourceDate "2003.11.11"]
[SourceVersion "1"]
[SourceVersionDate "2003.11.11"]
[SourceQuality "1"]

1. e4 c5 2. Nf3 d6 3. d4 cxd4 4. Nxd4 Nf6 5. Nc3 a6 6. f3 e5 7. Nb3 Be6 8. Be3
Nbd7 9. g4 Nb6 10. g5 Nh5 11. Qd2 Be7 12. O-O-O Rc8 13. Kb1 O-O 14. Rg1 g6 15.
Qf2 Nc4 16. Bxc4 Bxc4 17. Na4 Be6 18. Nb6 Rc7 19. Qd2 Rc6 20. Nd5 Bxd5 21. exd5
Rc8 22. Qd3 Qd7 23. Nd2 f6 24. gxf6 Rxf6 25. c4 Rf7 26. c5 $5 $146 {[%mdl 4]
Bacrot is coming with a reasonable novelty in a very popular line, it's main
goal is to unleash the potential of the d5 pawn.} (26. Rc1 Qf5 27. Rc3 b5 28.
b3 Qh3 29. Rgc1 bxc4 30. Rxc4 Ra8 31. Ra4 Bf8 {0-1 Leko,P-Anand,V/Dortmund
2003/ (46)}) 26... Rd8 (26... dxc5 27. Nc4 Qf5 (27... Qb5 28. a4 Qe8 29. d6 Rd8
30. d7 Qf8 31. Nxe5 $16) 28. d6 Qxd3+ 29. Rxd3 Bf6 (29... Bf8 30. Nxe5 Rf5 31.
d7 Rd8 32. Bg5 $18) 30. Rd5 Nf4 31. Rxc5 Rxc5 32. Bxc5 b5 33. Nd2 $14) (26...
Re8 27. cxd6 Bxd6 28. Rc1 Nf4 29. Bxf4 Rxf4 30. Ne4 $14) 27. cxd6 Bxd6 (27...
Qxd6 28. Ne4 Qd7 29. d6 $16) 28. Bg5 Rdf8 (28... Nf4 29. Qb3 Nh3 30. Bxd8 Nxg1
31. Rxg1 Qxd8 32. Ne4 $14) (28... Be7 29. Ne4 Bxg5 30. Rxg5 Nf4 31. Qb3 $14)
29. Bh6 Nf4 (29... Ng7 30. Rc1 Qh3 31. Bxg7 Kxg7 32. Qe2 Rd7 33. Rc3 $14) 30.
Qb3 Rd8 31. Bxf4 Rxf4 $6 (31... exf4 $5 32. Ne4 b5 33. Qc3 Qf5 34. Qa5 $14) 32.
Ne4 Kh8 33. Rd3 {Black bishop is no match for the perfect knight on e4, white
is much better.} Rf7 (33... Rh4 34. Rg2 Qe7 35. Re2 Rf4 $14) 34. Rc1 Qf5 35. a3
Rfd7 36. Ka2 Bf8 37. Rcd1 (37. h4 Be7 38. Rh1 b5 $11) 37... Qf7 (37... b5 38.
d6 Qf4 39. R1d2 $14) 38. d6 Qf5 (38... Qxb3+ 39. Kxb3 h6 40. Kc4 Kg7 41. Kd5
Kf7 42. Kxe5 $16) 39. Rd5 Rc8 40. R1d3 b5 41. Rc3 Rxc3 $2 {Lautier is losing
patience in a difficult position, it was possible to put up more resistance
with 41...Rdd8.} (41... Rdd8 42. Rxc8 Rxc8 43. h4 Rd8 44. Qc3 Qe6 45. Qxe5+
Qxe5 46. Rxe5 Bxd6 47. Re6 $16) 42. Qxc3 Qe6 43. Qd3 (43. Qxe5+ $1 Qxe5 44.
Rxe5 Kg7 (44... Rd8 45. Re6 Kg8 46. Kb3 Kf7 47. Rf6+ Kg8 48. h3 $18) 45. Rc5
Kf7 46. Rc7 Ke6 47. Nc5+ $18) 43... Qf5 44. Kb1 Kg8 45. Ka1 h6 46. Qc3 Bg7 47.
Qc8+ Kh7 48. Rd3 Qf7 (48... b4 49. axb4 Qh3 50. Rc3 Qf1+ 51. Ka2 Qb5 52. Qc6
$18) 49. Rc3 {Black has not a trace of counterplay and white capitalizes on
his mighty d6 pawn.} b4 50. axb4 Qf5 51. Qe8 Rb7 (51... Qf7 52. Qxf7 Rxf7 53.
Rc7 Rxf3 54. d7 Rd3 55. Nf6+ Kh8 56. Rc8+ $18) 52. Rc8 g5 53. Qg8+ Kg6 54. Rc7
1-0

[Event "RUS-ch Higher League 60th"]
[Site "Krasnoyarsk"]
[Date "2007.09.10"]
[Round "7"]
[White "Smirnov, Pavel"]
[Black "Zakhartsov, Viacheslav V"]
[Result "0-1"]
[WhiteElo "2636"]
[BlackElo "2559"]
[Annotator "Ftacnik,L"]
[PlyCount "76"]
[EventDate "2007.09.03"]
[EventType "swiss"]
[EventRounds "11"]
[EventCountry "RUS"]
[SourceTitle "CBM 120"]
[Source "ChessBase"]
[SourceDate "2007.10.02"]
[SourceVersion "1"]
[SourceVersionDate "2007.10.02"]
[SourceQuality "1"]

1. e4 c5 2. Nf3 d6 3. d4 cxd4 4. Nxd4 Nf6 5. Nc3 a6 6. Be3 Ng4 7. Bg5 h6 8. Bh4
g5 9. Bg3 Bg7 10. h3 Ne5 11. f3 Nbc6 12. Bf2 Ng6 13. Qd2 Nxd4 {[%mdl 4]
Interesting solution of the opening problems in a well known position. Black
is exploiting the fact, that the white queen has already invested a tempo.} 14.
Bxd4 Bxd4 15. Qxd4 Be6 16. g3 Qa5 (16... Rg8 17. O-O-O Qa5 18. Kb1 Rc8 19. Nd5
Qc5 20. Qd2 Ne5 21. Be2 Nd7 22. c3 Bxd5 23. exd5 Qf2 24. Qe1 Qxe1 {1/2
Vitiugov,N (2604)-Khairullin,I (2586)/Saint Petersburg 2007}) 17. f4 (17. Be2
O-O-O 18. O-O-O Kb8 $11) 17... gxf4 18. gxf4 O-O-O $1 {The key idea, as the
second player is able to finish development in record time.} (18... f5 $2 19.
Rg1 Rg8 20. Bc4 Bf7 21. b4 Qc7 22. Nd5 $16) 19. f5 Ne5 20. Be2 $2 (20. Qf2 Bc4
21. a3 Qc5 $11) 20... Bc4 $1 21. Bh5 (21. Rg1 Rhg8 22. a3 Rxg1+ 23. Qxg1 Bxe2
24. Kxe2 Kb8 $17) 21... Rhg8 {Zakharstov can not complain in the least, White
has to fight for the equality.} 22. Rg1 (22. b3 $2 Rg3 $19) 22... Nc6 (22...
Rxg1+ 23. Qxg1 f6 $1 24. a3 Rg8 25. Qf2 Rg5 $17) 23. Qf2 Rxg1+ (23... Nb4 24.
Rg4 Rxg4 25. hxg4 Kb8 $17) 24. Qxg1 Nb4 25. O-O-O $6 {Smirnov is panicking and
his long castling drops the pawn and the game.} (25. Qf2 Rg8 $17) 25... Nxa2+
26. Nxa2 Qxa2 27. Qd4 Kb8 28. e5 (28. f6 Qa1+ 29. Kd2 Qa5+ 30. Kc1 exf6 31. Bg4
h5 $17) 28... Rc8 $1 {Black is solving the crises with an attack of his own,
the white king will be in trouble.} (28... Rg8 29. Bf3 (29. exd6 $2 Rg2 $19)
29... d5 30. e6 (30. Bxd5 Bxd5 31. Qxd5 Qa1+ 32. Kd2 Qxb2 $19) 30... f6 $17)
29. exd6 Bb3 30. Kd2 $8 (30. c3 Qa1+ 31. Kd2 Qxb2+ 32. Ke1 Bxd1 $19) 30... Qa5+
$1 {It seems likely that White has probably missed this strong continuation,
Black will be able to cope with the pesky white d-pawn.} (30... Rxc2+ $2 31.
Ke3 $16) 31. Ke3 (31. c3 Rd8 32. d7 Bxd1 $19) 31... Bxc2 32. d7 (32. dxe7 Bxd1
33. Bxd1 Qxf5 $19) 32... Rd8 33. Rc1 (33. Qd5 Qb6+ (33... Qxd5 34. Rxd5 f6 35.
Be8 b6 $17) 34. Rd4 Ba4 35. Qe5+ Ka7 36. Bxf7 Rxd7 $17) 33... Bxf5 {With the
fall of the d7-pawn the game will effectively be over.} 34. b4 (34. Qf4+ Ka8
35. Rc8+ Rxc8 36. dxc8=Q+ Bxc8 37. Bxf7 Qe1+ $19) 34... Qb5 35. Rc5 Qxd7 36.
Qe5+ (36. Qxd7 Bxd7 37. Bxf7 Rf8 $19) 36... Ka7 37. Be2 (37. Qxf5 Qd2+ 38. Kf3
Rd3+ $19) 37... Qd2+ 38. Kf2 Bd3 0-1